Duryodhan: (Record no. 184265)
[ view plain ]
| 000 -LEADER | |
|---|---|
| fixed length control field | 00584nam a22001817a 4500 |
| 005 - DATE AND TIME OF LATEST TRANSACTION | |
| control field | 20220117125822.0 |
| 010 ## - LCCN (DPL NO) | |
| LC control number | ENG-131172 |
| 020 ## - INTERNATIONAL STANDARD BOOK NUMBER | |
| International Standard Book Number | 978-93896-486-83 |
| Terms of availability | 899.00 |
| 035 ## - SYSTEM CONTROL NUMBER | |
| System control number | EN-114704 |
| 037 ## - SOURCE OF ACQUISITION | |
| Source of stock number/acquisition | DBAD |
| 082 ## - DEWEY DECIMAL CLASSIFICATION NUMBER | |
| Classification number | N |
| 100 ## - MAIN ENTRY--PERSONAL NAME | |
| Personal name | Vidhate, Kaka |
| 245 ## - TITLE STATEMENT | |
| Title | Duryodhan: |
| Statement of responsibility, etc | Kaka Vidhate, Translated by Vikrant Pande |
| 260 ## - PUBLICATION, DISTRIBUTION, ETC. (IMPRINT) | |
| Place of publication, distribution, etc | Chennai |
| Name of publisher, distributor, etc | Westland Publication Private Limited |
| Date of publication, distribution, etc | 2020 |
| 270 ## - ADDRESS | |
| City | Chennai |
| Address | 1st Floor, A Block, East Wing Plot No. 40, SP infocity, Dr. MGR Salai, Perungudi, Kandanchavadi |
| Postal code | 600096 |
| 300 ## - PHYSICAL DESCRIPTION | |
| Extent | 578p. |
| Dimensions | 22cm(pbk) |
| 942 ## - ADDED ENTRY ELEMENTS (KOHA) | |
| Source of classification or shelving scheme | Dewey Decimal Classification |
| Item type | English Books |
| Classification part | N |
| Call number suffix | VID |
| Withdrawn status | Lost status | Not for loan | Collection code | Home library | Current library | Date acquired | Source of acquisition | Cost, normal purchase price | Full call number | Barcode | Copy number | Cost, replacement price | Koha item type |
|---|---|---|---|---|---|---|---|---|---|---|---|---|---|
| Fiction | Patel Nagar | Patel Nagar | 17/01/2022 | DBAD/PUB | 899.00 | N VID | EN-114704 | 1 | 899.00 | English Books |
